Analysis of tender prices of stateland forest area in Pahang

Bibliographic Details
Main Author: AZMI Nordin
Format: Book
Published: Serdang, Selangor : Universiti Putra Malaysia , 2001
Subjects:

MARC

LEADER 00000cam a2200000 7i4500
001 0000001635
005 20010903.0
090 0 0 |a R THE333.332309595123   |b AZM 2001 
100 0 0 |a AZMI Nordin 
245 1 0 |a Analysis of tender prices of stateland forest area in Pahang   |c by Azmi Nordin 
260 0 0 |a Serdang, Selangor :   |b Universiti Putra Malaysia ,   |c 2001 
300 |a xiii, 146 p. ;   |c 30 cm. 
500 0 0 |a Bibliography : p. 96-101 
500 0 0 |a Thesis - Master of Science (Tropical Forest Resource Management) - Universiti Putra Malaysia (2001) 
650 0 0 |a Forests and forestry   |x Prices   |x Statistics   |z Malaysia   |z Pahang 
650 0 0 |a Forests and forestry   |x Valuation   |z Malaysia   |z Pahang 
650 0 0 |a Real property   |z Prices   |x Statistics 
998 |a JPSM 
999 |a 0000002612   |b Thesis   |c Reference   |e Default branch 
999 |a 006485   |b Thesis   |c Reference   |e Default branch